书目信息 |
| 题名: |
亚洲坡地住宅精选
|
|
| 作者: | ;产业图书公司 编 ;雷尼出版公司 译 | |
| 分册: | ||
| 出版信息: | 上海 同济大学出版社 2003.04 |
|
| 页数: | 215页 | |
| 开本: | 30cm | |
| 丛书名: | 亚洲居住建筑 | |
| 单 册: | ||
| 中图分类: | TU241-64 | |
| 科图分类: | ||
| 主题词: | 山坡地--住宅--建筑设计--亚洲--图集 , 山坡地 , 住宅 , 建筑设计 | |
| 电子资源: | ||
| ISBN: | 7-5608-2489-7 | |
| 000 | 00832nam2 2200277 45 | |
| 001 | 012003000000 | |
| 005 | 20050112152406.98 | |
| 010 | @a7-5608-2489-7@dCNY 180.00 | |
| 100 | @a20030521d2003 ekmy0chiy0121 ea | |
| 101 | 0 | @achi |
| 102 | @aCN@b310000 | |
| 105 | @aaf z 000yy | |
| 200 | 1 | @a亚洲坡地住宅精选@Aya zhou po di zhu zhai jing xuan@f产业图书公司编@g雷尼出版公司译 |
| 210 | @a上海@c同济大学出版社@d2003.04 | |
| 215 | @a215页@c图@d30cm | |
| 225 | 2 | @a亚洲居住建筑 |
| 410 | 0 | @12001 @a亚洲居住建筑 |
| 606 | 0 | @a山坡地@x住宅@x建筑设计@y亚洲@j图集 |
| 606 | 0 | @a山坡地 |
| 606 | 0 | @a住宅 |
| 606 | 0 | @a建筑设计 |
| 690 | @aTU241-64@v4 | |
| 711 | 02 | @a产业图书公司@Achan ye tu shu gong si@4编 |
| 712 | 02 | @a雷尼出版公司@Alei ni chu ban gong si@4译 |
| 801 | 0 | @aCN@bQSSKw1@c20050112 |
| 905 | @a10447@dTU241-64@eC215 | |
| 亚洲坡地住宅精选/产业图书公司编/雷尼出版公司译.-上海:同济大学出版社,2003.04 |
| 215页:图;30cm.-(亚洲居住建筑) |
| ISBN 7-5608-2489-7:CNY 180.00 |
| ● |
| 相关链接 |
|
|
|
正题名:亚洲坡地住宅精选
索取号:TU241-64/C215
 
预约/预借
| 序号 | 登录号 | 条形码 | 馆藏地/架位号 | 状态 | 备注 |
| 1 | 425461 | 204254617 | 建筑库101/101建筑库 60排5列1层/ [索取号:TU241-64/C215] | 在馆 | |
| 2 | 436696 | 204366961 | 建筑库101/101建筑库 60排5列1层/ [索取号:TU241-64/C215] | 在馆 |